000 00904nam a2200229 a 4500
001 BRCA_5725
005 20190320205207.0
008 040311s1988----mx-a######---#000-0#spa-#
020 _a968617351X
041 _aspa
044 _amx
050 4 _aF1386.3
_b.M46 1988
245 1 0 _aMemoria y encuentros
_bla Ciudad de México y el Distrito Federal : (1824-1928)
_ccompiladores Hira de Gortari Rabiela, Regina Hernández Franyuti.
260 _aMéxico
_bDepartamento del Distrito Federal : Instituto de Investigaciones Dr. José María Luis Mora
_c1988
300 _a519 p. (v.3)
_bil. (algunas a color)
_c21 cm.
651 4 _aCiudad de México
_xHistoria
_9691
651 4 _aDistrito Federal (México)
_xHistoria
_914529
700 1 _aGortari Rabiela, Hira de
_914530
700 1 _aHernández Franyuti, Regina
_914531
740 0 _aCiudad de México y el Distrito Federal : (1824-1928)
942 _2lcc
_cB
999 _c5415
_d5415